Cultural diversity in our Schools

Main Author: Marshall
Published: Singapore: Thomson Learning, 2002.
Subjects:
LEADER 00628cam a2200181 7i4500
001 0000031553
005 20030927090000.0
020 # 0 |a 053451247X  
090 0 0 |a LC 1099.3   |b M369 
100 1 # |a Marshall  
245 0 0 |a Cultural diversity in our Schools   |c Patrica L. Marshall. 
260 # # |a Singapore:   |b Thomson Learning,   |c 2002. 
300 # # |a xiv, 370 p.;   |c 24 cm. 
504 0 0 |a Includes bibliographical references and index 
650 0 0 |a Multicultural education --   |z United States  
650 0 0 |a Ethnic groups --   |z United States  
650 0 0 |a Minorities --   |x Education --   |z United States  
999 |a 1100016510  |b Book  |c Open Shelf  |e KOLEKSI TERBUKA